| 000 | 008500000a22002290004500 | ||
|---|---|---|---|
| 003 | dpl | ||
| 005 | 20081031125016.0 | ||
| 008 | 081031t xxu||||| |||| 00| 0 eng d | ||
| 010 | _aENG-84696 | ||
| 020 |
_a8186772197 _c615.00 (hb) |
||
| 035 | _aEN-68229 | ||
| 040 | _cdpl | ||
| 082 | _a305.4 | ||
| 245 |
_aViolence against women and their exploitation in India / _cedited by Dharam Vir |
||
| 260 |
_aNew Delhi _bNew Academic Publishers _c2006 |
||
| 270 | _a4760-61, 23, Ansari Road, Darya Ganj, New Delhi-110002 | ||
| 300 |
_aviii,235p _c21cm |
||
| 500 | _aIncludes bibliographical references and index | ||
| 700 |
_aDharam Vir _ced |
||
| 942 |
_2ddc _cEN _h305.4 _mVIO |
||
| 999 |
_c17999 _d17999 |
||